|
|
|
|
| LEADER |
02538nam a2200649 a 4500 |
| 001 |
nkc20061656380 |
| 003 |
CZ PrNK |
| 005 |
20250304235005.0 |
| 007 |
ta |
| 008 |
060523s2006 xr ach e f 010 0 cze |
| 015 |
|
|
|a cnb001656380
|
| 020 |
|
|
|a 80-239-7239-1
|q (brož.)
|
| 035 |
|
|
|a (OCoLC)124090403
|
| 040 |
|
|
|a OLA001
|b cze
|d BOA001
|
| 043 |
|
|
|a e-xr---
|b e-xr-us
|2 czenas
|
| 045 |
|
|
|a w9y0
|
| 072 |
|
7 |
|a 069
|x Muzea. Muzeologie. Muzejnictví. Výstavy
|2 Konspekt
|9 12
|
| 080 |
|
|
|a 069(1-21)
|2 MRF
|
| 080 |
|
|
|a 069.5
|2 MRF
|
| 080 |
|
|
|a 069
|2 MRF
|
| 080 |
|
|
|a (437.315)
|2 MRF
|
| 080 |
|
|
|a (048.8)
|2 MRF
|
| 080 |
|
|
|a (082.2)
|2 MRF
|
| 100 |
1 |
|
|a Wolf, Jiří,
|d 1974-
|7 mzk2004175564
|4 aut
|
| 245 |
1 |
0 |
|a Z dějin duchcovského muzea :
|b stručný nástin jeho vývoje v letech 1896-2006 /
|c Jiří Wolf
|
| 260 |
|
|
|a Duchcov :
|b Pro Muzeum města Duchcova připravilo vydavatelství NIS Teplice,
|c 2006
|
| 300 |
|
|
|a 37 s. :
|b il., portréty, faksim. ;
|c 21 cm
|
| 490 |
1 |
|
|a Monografie Muzea města Duchcova
|
| 500 |
|
|
|a Sešit k 110. výročí vzniku duchcovského muzea
|
| 504 |
|
|
|a Obsahuje bibliografii a bibliografické odkazy
|
| 610 |
2 |
7 |
|a Muzeum města Duchcova
|7 mzk2003190809
|2 czenas
|
| 648 |
|
4 |
|a 1896-2006
|
| 648 |
|
7 |
|a 19.-21. století
|7 ch757016
|2 czenas
|
| 650 |
0 |
7 |
|a městská muzea
|7 ph123099
|z Česko
|y 1896-2006
|2 czenas
|
| 650 |
0 |
7 |
|a městská muzea
|7 ph123099
|x dějiny
|2 czenas
|
| 650 |
0 |
7 |
|a muzejní sbírky
|7 ph137908
|z Česko
|2 czenas
|
| 650 |
0 |
7 |
|a muzejnictví
|7 ph123051
|z Česko
|y 19.-21. století
|2 czenas
|
| 650 |
0 |
9 |
|a municipal museums
|z Czechia
|y 1896-2006
|2 eczenas
|
| 650 |
0 |
9 |
|a municipal museums
|x history
|2 eczenas
|
| 650 |
0 |
9 |
|a museum collections
|z Czechia
|2 eczenas
|
| 650 |
0 |
9 |
|a museum management
|z Czechia
|y 19th-21st centuries
|2 eczenas
|
| 651 |
|
7 |
|a Duchcov (Česko)
|7 ge129098
|2 czenas
|
| 651 |
|
9 |
|a Duchcov (Czechia)
|2 eczenas
|
| 655 |
|
7 |
|a studie
|7 fd133597
|2 czenas
|
| 655 |
|
7 |
|a jubilejní publikace
|7 fd131839
|2 czenas
|
| 655 |
|
9 |
|a studies
|2 eczenas
|
| 655 |
|
9 |
|a jubilee books
|2 eczenas
|
| 710 |
2 |
|
|a Muzeum města Duchcova
|7 mzk2003190809
|
| 830 |
|
0 |
|a Monografie Muzea města Duchcova
|0 s
|
| 856 |
4 |
1 |
|u http://www.digitalniknihovna.cz/mzk/uuid/uuid:406dd7b0-f2a9-11ef-b384-005056827e52
|y Digitalizovaný dokument
|x NDK
|
| 910 |
2 |
|
|a BOA001
|b 2-1182.016
|
| 928 |
9 |
|
|a Muzeum města Duchcova
|
| 928 |
9 |
|
|a NIS
|
| 990 |
|
|
|a BK
|
| 995 |
|
|
|a 01
|
| 991 |
|
|
|b 200703
|c NOV
|
| 996 |
6 |
|
|b 2610304161
|c 2-1182.016
|l MZK
|r Sklad / do 1 hodiny
|n 0
|p p.v.
|w 000843566
|u 000010
|a 1
|e BOA001
|j MZK50
|s P
|